El intelectual y el arte de vivir

Wedi'i Gadw mewn:
Manylion Llyfryddiaeth
Prif Awdur: Lepp, Ignace (Awdur)
Fformat: Llyfr
Iaith:Sbaeneg
Cyhoeddwyd: Buenos Aires Carlos Lohlé 1966
Rhifyn:1a. ed
Pynciau:
Tagiau: Ychwanegu Tag
Dim Tagiau, Byddwch y cyntaf i dagio'r cofnod hwn!

MARC

LEADER 00000cam a2200000 a 4500
001 UCD4736
003 CL-VaPUC
008 160717e19660000ag |||||||||||||||||spa|d
082 0 4 |a 291.22  |b LEP  |2 21 
100 |a Lepp, Ignace  |e author  |9 588465 
245 1 3 |a El intelectual y el arte de vivir 
250 |a 1a. ed 
300 |a 156 p 
942 |c BK 
945 |d 20160717 19:54:00  |a arojas 
260 |a Buenos Aires  |b Carlos Lohlé  |c 1966 
650 0 |a Existencialismo  |9 265698 
650 0 |a Filosofía cristiana   |9 265980 
650 0 |a Vida espiritual  |9 307811 
583 |a last modification  |c 20160717 19:54:00  |k Rodrigo Vera 
999 |c 365588  |d 365586 
952 |0 0  |1 0  |3 erb  |4 0  |6 291_220000000000000_LEP_1966  |7 0  |8 A  |9 479473  |a BIBEDU  |b BIBEDU  |e Familia Cárdenas Lailhacar  |i 5316219  |o 291.22 LEP 1966  |p 5316219  |r 2019-11-24  |w 2019-11-24  |y BK  |z Catalogado en:20160717  |k LIT